header

Harris and Me (Record no. 260773)

MARC details
000 -LEADER
fixed length control field 00225nam a22001097a 4500
020 ## - INTERNATIONAL STANDARD BOOK NUMBER
ISBN 9780152058807
100 ## - MAIN ENTRY--AUTHOR NAME
Personal name Gary Paulsen
245 ## - TITLE STATEMENT
Title Harris and Me
260 ## - PUBLICATION, DISTRIBUTION, ETC. (IMPRINT)
Place of publication USA
Name of publisher Harcourt Inc.
300 ## - PHYSICAL DESCRIPTION
Number of Pages 157 pgs.
942 ## - ADDED ENTRY ELEMENTS (KOHA)
Koha item type Long Loan Books
Holdings
Withdrawn status Lost status Collection code Home library Current library Shelving location Date acquired Accession Number Koha item type
    Fiction Rongo University Library Rongo University Library Children's Area 05/10/2023 CL4042021 Long Loan Books

© 2026 Rongo University
Contact us: librarian | system librarian | Rongo university